Rebel Wilson Movies - Statistics

General Stats
  • This quiz has been taken 10 times
  • The average score is 7 of 23
Answer Stats
Hint Answer % Correct
2012 Pitch Perfect
100%
2015 Pitch Perfect 2
90%
2017 Pitch Perfect 3
90%
2011 Bridesmaids
60%
2012 Bachelorette
40%
2019 Isn't it Romantic
40%
2016 The Brothers Grimsby
40%
2019 The Hustle
40%
2007 Ghostrider
30%
2016 How to Be Single
30%
2019 Cats
20%
2019 Jojo Rabbit
20%
2014 Night at the Museum: Secret of the Tomb
20%
2022 Senior Year
20%
2011 A Few Best Men
10%
2003 Fat Pizza
10%
2013 Pain and Gain
10%
2012 Small Apartments
10%
2012 Struck by Lightning
10%
2012 What to Expect When Your Expecting
10%
2016 Absolutely Fabulous: The Movie
0%
2012 Ice Age 4: Continental Drift
0%
TBD The Almond and the Seahorse
0%
No matching quizzes found
Score Distribution
Percent of People with Each Score
Percentile by Number Answered
Your Score History
You have not taken this quiz